Sefer Be-tsel ha-ḥokhmah; (Record no. 32258)

MARC details
000 -LEADER
fixed length control field 00931cam a22002651 4500
001 - CONTROL NUMBER
control field he 67000587
003 - CONTROL NUMBER IDENTIFIER
control field DLC
005 - DATE AND TIME OF LATEST TRANSACTION
control field 20260227111445.0
008 - FIXED-LENGTH DATA ELEMENTS--GENERAL INFORMATION
fixed length control field 861217m19591989is 001 0 heb
010 ## - LIBRARY OF CONGRESS CONTROL NUMBER
LC control number he 67000587
040 ## - CATALOGING SOURCE
Original cataloging agency DLC
Transcribing agency DLC
Modifying agency DLC
050 00 - LIBRARY OF CONGRESS CALL NUMBER
Classification number BM522.87
Item number .T38
100 1# - MAIN ENTRY--PERSONAL NAME
Personal name Shṭern, Betsalʼel.
240 10 - UNIFORM TITLE
Uniform title Be-tsel ha-ḥokhmah
245 10 - TITLE STATEMENT
Title Sefer Be-tsel ha-ḥokhmah;
Remainder of title kolel sheʼelot u-teshuvot u-verure halakhot ha-nogʻot le-arbaʻah ḥelḳe ha-Shulḥan ʻarukh
Statement of responsibility, etc. [me-et] Betsalʼel Shṭern.
260 ## - PUBLICATION, DISTRIBUTION, ETC.
Place of publication, distribution, etc. Yerushala[y]im,
Date of publication, distribution, etc. 719-750 [1959-1989]
300 ## - PHYSICAL DESCRIPTION
Extent 6 v.
Dimensions 35 cm.
500 ## - GENERAL NOTE
General note Cover title: Sheʼelot u-teshuvot Be-tsel ha-ḥokhmah.
500 ## - GENERAL NOTE
General note Spine title: Shut Be-tsel ha-ḥokhmah.
500 ## - GENERAL NOTE
General note Includes index.
650 #0 - SUBJECT ADDED ENTRY--TOPICAL TERM
Topical term or geographic name entry element Responsa
Chronological subdivision 1800-
740 0# - ADDED ENTRY--UNCONTROLLED RELATED/ANALYTICAL TITLE
Uncontrolled related/analytical title Be-tsel ha-ḥokhmah.
740 0# - ADDED ENTRY--UNCONTROLLED RELATED/ANALYTICAL TITLE
Uncontrolled related/analytical title Sheʼelot u-teshuvot Be-tsel ha-ḥokhmah.
740 0# - ADDED ENTRY--UNCONTROLLED RELATED/ANALYTICAL TITLE
Uncontrolled related/analytical title Shut Be-tsel ha-ḥokhmah.

No items available.

Powered by Koha